[Event "SportAccord Blitz Men 2013"]
[Site "Beijing CHN"]
[Date "2013.12.16"]
[Round "23.1"]
[White "Radjabov, Teimour"]
[Black "Aronian, Levon"]
[Result "0-1"]
[WhiteTitle "GM"]
[BlackTitle "GM"]
[WhiteElo "2713"]
[BlackElo "2803"]
[WhiteFideId "13400924"]
[BlackFideId "13300474"]
[EventDate "2013.12.14"]

1. d4 Nf6 2. Nf3 d5 3. c4 e6 4. Nc3 Bb4 5. Bg5 h6 6. Bxf6 Qxf6 7. Qa4+ Nc6 8. e3
O-O 9. Rc1 Qg6 10. Qc2 Qxc2 11. Rxc2 Rd8 12. a3 Bf8 13. Be2 Ne7 14. O-O c6 15.
b4 dxc4 16. Bxc4 Nd5 17. Nxd5 exd5 18. Bd3 a5 19. Rb1 axb4 20. axb4 Ra3 21. Ne1
Bd7 22. Rcb2 Rda8 23. Kf1 g6 24. Ke2 b6 25. h3 Kg7 26. Nc2 R3a4 27. Kd2 Be7 28.
Ne1 Bh4 29. Ke2 Bf6 30. Rc2 Be7 31. Rcb2 Be8 32. Nc2 h5 33. Ne1 Bf6 34. Rc2 Ra2
35. Kd2 Bd7 36. Rxa2 Rxa2+ 37. Nc2 Bh4 38. f3 Be7 39. Kc3 Ra8 40. e4 dxe4 41.
fxe4 h4 42. Bc4 Be8 43. Bb3 c5 44. bxc5 bxc5 45. d5 Bf6+ 46. Kd3 Rb8 47. Ba2
Rxb1 48. Bxb1 Bb5+ 49. Ke3 Bg5+ 50. Kf3 Kf6 51. Na3 Ba6 52. Ba2 Ke5 53. Bc4 Bc8
54. Nb5 f5 55. exf5 Bxf5 56. d6 Bd7 57. Bd3 Bd8 58. Bc4 g5 59. Ke3 Ba5 60. Be2
Be1 61. Bd3 Bg3 62. Bc4 Bf4+ 63. Kf2 Ke4 64. Be2 Kd5 65. Nc3+ Kxd6 66. Ne4+ Kc6
67. Bf3 Kb5 68. Nf6 Be6 69. Nd5 Be5 70. Ke3 Bf5 71. Ne7 Bf4+ 72. Kf2 Bd3 73. Nd5
c4 74. Ke1 Kc5 75. Nc3 Kd4 76. Nb5+ Ke3 0-1

[Event "SportAccord Blitz Men 2013"]
[Site "Beijing CHN"]
[Date "2013.12.16"]
[Round "23.2"]
[White "Karjakin, Sergey"]
[Black "Dominguez Perez, Leinier"]
[Result "1-0"]
[WhiteTitle "GM"]
[BlackTitle "GM"]
[WhiteElo "2756"]
[BlackElo "2754"]
[WhiteFideId "14109603"]
[BlackFideId "3503240"]
[EventDate "2013.12.14"]

1. Nf3 Nf6 2. g3 d5 3. Bg2 Bf5 4. d3 c6 5. Nh4 Bg6 6. Nxg6 hxg6 7. Nd2 e6 8. O-O
Nbd7 9. e4 Be7 10. Qe2 Qc7 11. Nf3 dxe4 12. dxe4 e5 13. Ng5 Nh7 14. Nxh7 Rxh7
15. c3 a5 16. h4 Nc5 17. Be3 Ne6 18. Bh3 Nf8 19. Rad1 g5 20. h5 Rh6 21. Bf5 Rd8
22. Rxd8+ Qxd8 23. Kg2 Rd6 24. a3 a4 25. Qc2 Qa5 26. Rh1 Qb5 27. Qc1 f6 28. Qc2
Qb3 29. Qxb3 axb3 30. Bg4 Rd8 31. Bd1 Nd7 32. Bxb3 Bc5 33. Bc1 Bb6 34. h6 gxh6
35. Rxh6 Nc5 36. Bc2 Ke7 37. Rh7+ Kd6 38. b4 Nd7 39. Bb3 c5 40. Bd5 Rb8 41. Rf7
cxb4 42. axb4 Ra8 43. c4 Bd4 44. c5+ Kc7 45. Be6 Ra2 46. Bxd7 Rxf2+ 47. Kh3 Kd8
48. c6 bxc6 49. Bxc6 Rc2 50. b5 Rxc1 51. Rxf6 Kc7 52. Kg4 Rg1 53. Rf3 Kb6 54.
Kxg5 Bb2 55. g4 Bc1+ 56. Kf5 Bf4 57. Rd3 Rf1 58. Rd7 Bg3+ 59. Ke6 Rg1 60. Rg7
Bf4 61. Kf5 Rf1 62. g5 Kc5 63. Ke6 Rg1 64. g6 Rg2 65. Rg8 Rg3 66. g7 Bh6 67. Kf7
Rg1 1-0

[Event "SportAccord Blitz Men 2013"]
[Site "Beijing CHN"]
[Date "2013.12.16"]
[Round "23.3"]
[White "Ivanchuk, Vassily"]
[Black "Giri, Anish"]
[Result "0-1"]
[WhiteTitle "GM"]
[BlackTitle "GM"]
[WhiteElo "2731"]
[BlackElo "2734"]
[WhiteFideId "14100010"]
[BlackFideId "24116068"]
[EventDate "2013.12.14"]

1. Nf3 g6 2. e4 c5 3. c3 d5 4. exd5 Qxd5 5. d4 Bg7 6. Na3 cxd4 7. Nb5 Na6 8. Be3
Nf6 9. Bxd4 O-O 10. a4 Bg4 11. Be2 Rad8 12. h3 e5 13. Be3 Qe6 14. Qc1 Bxf3 15.
Bxf3 e4 16. Be2 Nd5 17. O-O f5 18. Bc4 Qc6 19. Ba2 Kh8 20. Bh6 Nc5 21. Bxg7+
Kxg7 22. Bxd5 Qxd5 23. Qe3 f4 24. Qd4+ Qxd4 25. Nxd4 Rfe8 26. Rfd1 e3 27. fxe3
fxe3 28. a5 e2 29. Re1 Rxd4 30. cxd4 Nd3 31. d5 Kf7 32. g4 Re5 33. Kg2 Re3 34.
Kg1 Ke7 35. Ra3 Rg3+ 36. Kh2 Nxe1 37. Kxg3 Nc2 0-1

[Event "SportAccord Blitz Men 2013"]
[Site "Beijing CHN"]
[Date "2013.12.16"]
[Round "23.4"]
[White "Wang, Yue"]
[Black "Vachier-Lagrave, Maxime"]
[Result "0-1"]
[WhiteTitle "GM"]
[BlackTitle "GM"]
[WhiteElo "2723"]
[BlackElo "2745"]
[WhiteFideId "8601429"]
[BlackFideId "623539"]
[EventDate "2013.12.14"]

1. c4 Nf6 2. Nc3 e5 3. g3 c6 4. d4 exd4 5. Qxd4 Na6 6. Nf3 Bc5 7. Qd1 O-O 8. Bg2
Re8 9. O-O Nc7 10. Qc2 Qe7 11. Bg5 d6 12. Rad1 Ne6 13. Bxf6 Qxf6 14. Ne4 Qe7 15.
Nxc5 Nxc5 16. Nd4 a5 17. Rfe1 Be6 18. Rd2 Rad8 19. Red1 Bc8 20. b3 Qc7 21. a3
Qb6 22. Rb1 g6 23. b4 axb4 24. axb4 Ne6 25. Nxe6 Bxe6 26. e3 Bf5 27. e4 Be6 28.
Qc3 Qa6 29. Bf1 Qb6 30. h3 Qc7 31. Rbd1 Rd7 32. Bg2 c5 33. bxc5 Qxc5 34. Rd4 b5
35. e5 b4 36. Qd2 Bxc4 37. exd6 Re2 38. Qf4 Rc2 39. Re1 b3 40. Qf6 Be6 41. Ra4
Ra2 42. Rae4 Qxd6 43. Rxe6 fxe6 44. Rxe6 Qf8 45. Qxf8+ Kxf8 46. Rb6 Rd1+ 47. Kh2
b2 48. Be4 b1=Q 0-1

[Event "SportAccord Blitz Men 2013"]
[Site "Beijing CHN"]
[Date "2013.12.16"]
[Round "23.5"]
[White "Mamedyarov, Shakhriyar"]
[Black "Ponomariov, Ruslan"]
[Result "0-1"]
[WhiteTitle "GM"]
[BlackTitle "GM"]
[WhiteElo "2757"]
[BlackElo "2731"]
[WhiteFideId "13401319"]
[BlackFideId "14103320"]
[EventDate "2013.12.14"]

1. d4 d5 2. c4 c6 3. Nf3 Nf6 4. Nbd2 g6 5. e3 Bg7 6. Bd3 O-O 7. O-O a6 8. b4 Bg4
9. a4 e6 10. Ba3 Re8 11. b5 axb5 12. cxb5 Nbd7 13. Qb3 Bxf3 14. Nxf3 Bf8 15.
Bxf8 Rxf8 16. Rfc1 Qb6 17. Qc3 Ne4 18. Qc2 cxb5 19. Bxb5 Ndf6 20. Rab1 Nd6 21.
Qc5 Qd8 22. Ne5 Rc8 23. Qa7 Kg7 24. f3 Rc7 25. Rc5 Nf5 26. Rbc1 Rxc5 27. Rxc5
Nd6 28. h3 h5 29. Kh2 h4 30. a5 Nh7 31. f4 Nf6 32. Bd3 Nd7 33. Nxd7 Qxd7 34. a6
Rd8 35. Qb6 bxa6 36. Rc7 Qe8 37. Bxa6 Nf5 38. Bb5 Qf8 39. Qxe6 Rd6 40. Qe5+ Kh6
41. Rc3 f6 42. Qe8 Qxe8 43. Bxe8 Re6 44. Bf7 Rxe3 45. Rc5 Re1 46. g4 hxg3+ 47.
Kg2 Re2+ 48. Kg1 Ne3 49. Rc1 Rg2+ 50. Kh1 Rf2 51. Rg1 g2+ 52. Kh2 Rxf4 53. Kg3
Rf1 0-1

[Event "SportAccord Blitz Men 2013"]
[Site "Beijing CHN"]
[Date "2013.12.16"]
[Round "23.6"]
[White "Nepomniachtchi, Ian"]
[Black "Wang, Hao"]
[Result "1-0"]
[WhiteTitle "GM"]
[BlackTitle "GM"]
[WhiteElo "2721"]
[BlackElo "2735"]
[WhiteFideId "4168119"]
[BlackFideId "8602883"]
[EventDate "2013.12.14"]

1. e4 c6 2. Nc3 d5 3. Nf3 g6 4. d4 Bg7 5. h3 Nf6 6. Bd3 dxe4 7. Nxe4 Nxe4 8.
Bxe4 Nd7 9. c3 O-O 10. O-O c5 11. Re1 cxd4 12. Nxd4 Nc5 13. Bc2 e5 14. Nb5 Qb6
15. a4 a6 16. Qd6 Qxd6 17. Nxd6 Rd8 18. Nc4 Nd3 19. Rd1 Bf5 20. Bg5 f6 21. Be3
e4 22. Bxd3 exd3 23. Nb6 Ra7 24. Nc8 Ra8 25. Ne7+ Kf7 26. Nxf5 gxf5 27. Bd4 Re8
28. Rxd3 Re2 29. Rb1 b5 30. Kf1 Re6 31. Ra1 Rb8 32. axb5 Rxb5 33. b4 f4 34. Bc5
Bf8 35. Rd7+ Ke8 36. Rxh7 Bxc5 37. bxc5 Rxc5 38. Rb1 Rb5 39. Rxb5 axb5 40. Rh5
f3 41. g4 Rc6 42. Rxb5 Rxc3 43. Kg1 1-0

[Event "SportAccord Blitz Men 2013"]
[Site "Beijing CHN"]
[Date "2013.12.16"]
[Round "23.7"]
[White "Grischuk, Alexander"]
[Black "Leko, Peter"]
[Result "1-0"]
[WhiteTitle "GM"]
[BlackTitle "GM"]
[WhiteElo "2783"]
[BlackElo "2730"]
[WhiteFideId "4126025"]
[BlackFideId "703303"]
[EventDate "2013.12.14"]

1. Nf3 Nf6 2. g3 b5 3. Bg2 Bb7 4. O-O e6 5. d3 c5 6. e4 d6 7. Nc3 b4 8. Ne2 Nbd7
9. Ng5 Qc7 10. f4 Be7 11. h3 O-O 12. g4 Rfc8 13. Be3 a5 14. Ng3 c4 15. Rc1 cxd3
16. cxd3 Qd8 17. f5 Rxc1 18. Bxc1 e5 19. Nf3 d5 20. g5 dxe4 21. Nh2 Nd5 22. f6
Bc5+ 23. Kh1 g6 24. Nxe4 Bf8 25. Qg4 Rc8 26. Qh4 Nf4 27. Bxf4 exf4 28. Ng4 Bxe4
29. dxe4 h5 30. gxh6 Kh7 31. Qg5 Rc5 32. Qxf4 Qc7 33. Qxc7 Rxc7 34. e5 Bxh6 35.
Bd5 Nb6 36. Be4 Bd2 37. e6 Nc8 38. Ne5 Nd6 39. exf7 Rc8 40. Bxg6+ Kh6 41. Bd3
Rf8 42. Rg1 Bg5 43. h4 Bf4 44. Rg6+ Kh5 45. Be2+ Kxh4 46. Rg4+ 1-0

[Event "SportAccord Blitz Men 2013"]
[Site "Beijing CHN"]
[Date "2013.12.16"]
[Round "23.8"]
[White "Le, Quang Liem"]
[Black "Kamsky, Gata"]
[Result "0-1"]
[WhiteTitle "GM"]
[BlackTitle "GM"]
[WhiteElo "2703"]
[BlackElo "2721"]
[WhiteFideId "12401137"]
[BlackFideId "2000024"]
[EventDate "2013.12.14"]

1. Nf3 Nf6 2. g3 g6 3. b3 Bg7 4. Bb2 d5 5. c4 c6 6. Bg2 O-O 7. O-O Bg4 8. d3 Qc8
9. Re1 Bh3 10. Bh1 h6 11. Nc3 e6 12. Qc2 Nbd7 13. Rad1 Re8 14. d4 b5 15. c5 a5
16. a3 b4 17. Na4 Ne4 18. Nd2 f5 19. Nxe4 fxe4 20. f3 bxa3 21. Bxa3 e5 22. fxe4
exd4 23. exd5 cxd5 24. Qxg6 Ne5 25. Bxd5+ Kh8 26. Qh5 Bg4 27. Qh4 Ng6 28. Nb6
Qf5 29. Rf1 Nxh4 30. Rxf5 Nxf5 31. Bxa8 Bxe2 32. Rd2 d3 33. Bb2 Nd4 34. Bd5 Bg4
35. Kf2 h5 36. Rxd3 Re2+ 37. Kg1 Rxb2 38. c6 Rc2 39. Nc4 Ne2+ 40. Kf1 Bh3+ 41.
Ke1 Bg4 42. Be4 Bc3+ 43. Nd2 Rc1+ 44. Kf2 Bd4+ 45. Rxd4 Nxd4 46. Nc4 Nxb3 47.
Bd5 a4 48. c7 Rc3 49. Ke1 Rc2 50. h4 Nc5 51. Ne5 Bc8 52. Kd1 Rc3 53. Kd2 Rxg3
54. Nf7+ Kg7 55. Nd6 Rd3+ 56. Ke2 Rxd5 57. Nxc8 Rd7 58. Nd6 Rxc7 59. Ne8+ Kg6
60. Nxc7 a3 0-1

[Event "SportAccord Blitz Men 2013"]
[Site "Beijing CHN"]
[Date "2013.12.16"]
[Round "24.1"]
[White "Aronian, Levon"]
[Black "Le, Quang Liem"]
[Result "1-0"]
[WhiteTitle "GM"]
[BlackTitle "GM"]
[WhiteElo "2803"]
[BlackElo "2703"]
[WhiteFideId "13300474"]
[BlackFideId "12401137"]
[EventDate "2013.12.14"]

1. c4 g6 2. Nc3 c5 3. e3 Bg7 4. d4 cxd4 5. exd4 Nf6 6. d5 O-O 7. Nf3 d6 8. Be2
Bg4 9. O-O Nbd7 10. Be3 Rc8 11. Nd2 Bxe2 12. Qxe2 a6 13. Rfe1 Re8 14. Rac1 e6
15. dxe6 Rxe6 16. Qd1 Ne5 17. Bg5 Nxc4 18. Rxe6 fxe6 19. Qe2 Ne5 20. Nde4 Nf7
21. Re1 d5 22. Nxf6+ Bxf6 23. Bxf6 Qxf6 24. h3 Rc6 25. Nd1 Kg7 26. Ne3 h5 27.
Nf1 Ng5 28. Ng3 Rc4 29. Qd2 Qf4 30. Qe2 h4 31. Nf1 Re4 32. Qd1 Rxe1 33. Qxe1 Ne4
34. Ne3 Qf6 35. Qe2 b5 36. Ng4 Qd4 37. Qc2 Qc4 38. Qd1 Nf6 39. Ne5 Qe4 40. Nf3
e5 41. Qc1 Qc4 42. Qg5 Qxa2 43. Nxe5 Qb1+ 44. Kh2 Qf5 45. Qe3 Qe6 46. Qa7+ Kh6
47. Qe3+ Kh7 48. Qa7+ Kh6 49. f4 Qf5 50. Nf7+ Kh5 51. Qb8 Nh7 52. Ng5 Kh6 53.
Nf3 Qf6 54. Kg1 d4 55. Ne5 Kh5 56. Qc7 Nf8 57. Ng4 Qe6 58. Qc5+ Qf5 59. Qe7 d3
60. Nf6+ Kh6 61. Qxf8# 1-0

[Event "SportAccord Blitz Men 2013"]
[Site "Beijing CHN"]
[Date "2013.12.16"]
[Round "24.2"]
[White "Kamsky, Gata"]
[Black "Grischuk, Alexander"]
[Result "1/2-1/2"]
[WhiteTitle "GM"]
[BlackTitle "GM"]
[WhiteElo "2721"]
[BlackElo "2783"]
[WhiteFideId "2000024"]
[BlackFideId "4126025"]
[EventDate "2013.12.14"]

1. d4 Nf6 2. Nf3 d6 3. c3 Nbd7 4. Bf4 Nh5 5. Bg3 Nxg3 6. hxg3 g6 7. e4 Bg7 8.
Nbd2 e6 9. Bd3 Qe7 10. Qe2 c5 11. a4 O-O 12. O-O cxd4 13. cxd4 Nb8 14. Nc4 Bd7
15. Qd2 Nc6 16. d5 Nd4 17. Nxd4 Bxd4 18. dxe6 Bxe6 19. Rfe1 Rac8 20. Rac1 Rfd8
21. Bf1 Bf6 22. b3 d5 23. exd5 Rxd5 24. Qxd5 Bxd5 25. Rxe7 Bxe7 26. Rd1 Be6 27.
Be2 Kg7 28. Bf3 Bxc4 29. bxc4 Rxc4 30. Rd7 Kf8 31. Rxb7 Rxa4 32. Bd5 Ra1+ 33.
Kh2 a5 34. Rb8+ Kg7 35. Rb7 Rd1 36. Bc4 Rd4 37. Bb3 Kf6 38. Ra7 Rb4 39. Bd5 Rb5
40. Bc4 Rc5 41. Bb3 h5 42. Ra6+ Kg7 43. Ra7 Re5 44. f4 Re3 45. Bd5 Bb4 46. Rxf7+
Kh6 47. Ra7 Be1 48. Bf3 Ra3 49. Kh3 Ra1 50. g4 hxg4+ 51. Kxg4 a4 52. Bd5 Bf2 53.
Ra6 Kg7 54. Be4 a3 55. Rxg6+ Kf8 56. Ra6 Be3 57. g3 Bf2 58. Kf3 Be1 59. Bd5 Rc1
60. Rxa3 Rc3+ 61. Rxc3 Bxc3 62. Ke4 1/2-1/2

[Event "SportAccord Blitz Men 2013"]
[Site "Beijing CHN"]
[Date "2013.12.16"]
[Round "24.3"]
[White "Leko, Peter"]
[Black "Nepomniachtchi, Ian"]
[Result "1/2-1/2"]
[WhiteTitle "GM"]
[BlackTitle "GM"]
[WhiteElo "2730"]
[BlackElo "2721"]
[WhiteFideId "703303"]
[BlackFideId "4168119"]
[EventDate "2013.12.14"]

1. e4 e6 2. d4 d5 3. Nc3 Bb4 4. e5 Ne7 5. a3 Bxc3+ 6. bxc3 c5 7. Qg4 O-O 8. Bd3
f5 9. exf6 Rxf6 10. Bg5 e5 11. Qh4 e4 12. Bxf6 gxf6 13. Be2 Nf5 14. Qf4 Qa5 15.
Qd2 cxd4 16. cxd4 Qxd2+ 17. Kxd2 Nxd4 18. Bd1 Nbc6 19. Ne2 Ne6 20. c3 Nc5 21.
Nd4 Ne5 22. Be2 b6 23. a4 Ba6 24. f4 Nc4+ 25. Bxc4 Bxc4 26. a5 b5 27. g4 a6 28.
h4 Na4 29. Rh3 Bd3 30. g5 Nb2 31. Rg1 Kf7 32. h5 Nc4+ 33. Ke1 Rg8 34. g6+ hxg6
35. hxg6+ Rxg6 36. Rh7+ Kg8 37. Rxg6+ Kxh7 38. Rxf6 Nxa5 39. Rxa6 Nc4 40. Re6
Kg7 41. Nxb5 Ne3 42. Nd4 Ng2+ 43. Kd2 Nxf4 44. Rd6 Bc4 45. Nf5+ Kf7 46. Ke3 Ne6
47. Rc6 Bd3 48. Nd4 Nxd4 49. Kxd4 Bc4 50. Rh6 Ke7 51. Ke3 Kd7 52. Kf4 Kc7 53.
Ke3 Kd7 54. Kd4 Kc7 55. Rh3 Kd6 56. Rg3 Ke6 57. Rg8 Kd6 58. Re8 Kd7 59. Rxe4
dxe4 60. Kxc4 Kc6 61. Kd4 Kb5 62. Kxe4 Kc4 1/2-1/2

[Event "SportAccord Blitz Men 2013"]
[Site "Beijing CHN"]
[Date "2013.12.16"]
[Round "24.4"]
[White "Wang, Hao"]
[Black "Mamedyarov, Shakhriyar"]
[Result "0-1"]
[WhiteTitle "GM"]
[BlackTitle "GM"]
[WhiteElo "2735"]
[BlackElo "2757"]
[WhiteFideId "8602883"]
[BlackFideId "13401319"]
[EventDate "2013.12.14"]

1. d4 d5 2. c4 c6 3. Nf3 Nf6 4. e3 Bg4 5. h3 Bh5 6. Nc3 e6 7. Qb3 Qc7 8. Ne5
Nbd7 9. g4 Bg6 10. Nxg6 hxg6 11. Bg2 g5 12. Bd2 Be7 13. Rc1 Qb6 14. Ne2 Qxb3 15.
axb3 a6 16. f3 Nh7 17. Kf2 Nhf8 18. Rhd1 Ng6 19. Bf1 f6 20. Ng3 Bd6 21. cxd5
cxd5 22. Ne2 Ne7 23. Nc3 Nc6 24. Na4 Ke7 25. Rc2 Nb4 26. Bxb4 Bxb4 27. Rc7 Rab8
28. Nb6 Rhd8 29. Rdc1 Ba5 30. Nc8+ Kf8 31. R7c2 Bb4 32. Bd3 Bc5 33. dxc5 Rdxc8
34. f4 Ke7 35. b4 gxf4 36. exf4 g5 37. fxg5 fxg5 38. Re1 Rf8+ 39. Kg3 Rf6 40.
Rce2 Rh8 41. Kg2 Rhh6 42. Rc1 Kd8 43. b5 axb5 44. Bxb5 Nb8 45. Re5 Rhg6 46. b4
Rf4 47. Bd3 Nd7 48. Re2 Rgf6 49. b5 Rd4 50. Re3 Kc7 51. Kg3 Rb4 52. Be2 d4 53.
Ra3 Ne5 54. c6 d3 55. Bd1 Rf1 56. Rc5 Rxd1 57. Rxe5 Rg1+ 58. Kf2 d2 59. Rd3 d1=Q
60. Rxd1 Rxd1 0-1

[Event "SportAccord Blitz Men 2013"]
[Site "Beijing CHN"]
[Date "2013.12.16"]
[Round "24.5"]
[White "Ponomariov, Ruslan"]
[Black "Wang, Yue"]
[Result "1/2-1/2"]
[WhiteTitle "GM"]
[BlackTitle "GM"]
[WhiteElo "2731"]
[BlackElo "2723"]
[WhiteFideId "14103320"]
[BlackFideId "8601429"]
[EventDate "2013.12.14"]

1. e4 c5 2. Nf3 Nc6 3. d4 cxd4 4. Nxd4 e6 5. Nc3 Qc7 6. f4 a6 7. a4 Bc5 8. Nb3
Ba7 9. Qg4 g6 10. Bd3 d6 11. Qe2 Nf6 12. Be3 Bxe3 13. Qxe3 O-O 14. O-O Nd7 15.
Kh1 b6 16. f5 Nde5 17. f6 Kh8 18. Qh6 Rg8 19. Nd2 Qd8 20. Nf3 Qf8 21. Qh4 g5 22.
Nxg5 h6 23. Nf3 Bb7 24. Ne2 Rg6 25. h3 Nxf3 26. Rxf3 Ne5 27. Nf4 Rg5 28. Re3 Kh7
29. Be2 Qh8 30. Rd1 Qxf6 31. Rxd6 Rag8 32. Rxb6 Ng6 33. Nxg6 Qxg6 34. g4 Bxe4+
35. Kh2 Rd5 36. Qf2 Rd2 37. Rxa6 Rxc2 38. Ra7 Rg7 39. a5 Rxb2 40. a6 Ra2 41. Rc7
f5 42. Qf4 Rxc7 43. Qxc7+ Qg7 44. Qxg7+ Kxg7 45. gxf5 exf5 46. Kg3 Kf6 47. Kf4
Ra4 48. Kg3 Ke5 49. Kf2 Ra2 50. Rb3 f4 51. Rb5+ Kf6 52. Rb6+ Kg5 53. Re6 Bd3 54.
Ke1 Bxe2 55. Rxe2 Rxa6 56. Kf2 Ra3 57. Re5+ Kf6 58. Rh5 Kg6 59. Rh4 Kg5 60. Rg4+
Kf5 61. Rh4 Ke4 62. Rxh6 Ra2+ 63. Kg1 Kf3 64. Rb6 Kg3 65. Rg6+ Kxh3 66. Kf1 f3
67. Rg8 Kh4 68. Rg7 Kh3 69. Rg8 1/2-1/2

[Event "SportAccord Blitz Men 2013"]
[Site "Beijing CHN"]
[Date "2013.12.16"]
[Round "24.6"]
[White "Vachier-Lagrave, Maxime"]
[Black "Ivanchuk, Vassily"]
[Result "1-0"]
[WhiteTitle "GM"]
[BlackTitle "GM"]
[WhiteElo "2745"]
[BlackElo "2731"]
[WhiteFideId "623539"]
[BlackFideId "14100010"]
[EventDate "2013.12.14"]

1. e4 e5 2. Nf3 Nc6 3. Bb5 Nf6 4. O-O Nxe4 5. Re1 Nd6 6. Nxe5 Be7 7. Bf1 Nf5 8.
Nf3 O-O 9. d4 d5 10. c3 Bd6 11. Bg5 Nce7 12. Bd3 h6 13. Bxe7 Nxe7 14. Nbd2 c6
15. Qc2 Qc7 16. h3 Bd7 17. Nf1 Rae8 18. Re2 Ng6 19. Rxe8 Bxe8 20. Bxg6 fxg6 21.
Re1 g5 22. Ne5 Rf6 23. Ng4 Rf8 24. Ne5 Rf6 25. Nh2 Re6 26. Nhf3 Bh5 27. g4 Be8
28. Kg2 Qe7 29. Qf5 Qf6 30. Qd3 Re7 31. Re3 Bf7 32. Qe2 Bg6 33. Nd2 Bh7 34. c4
dxc4 35. Qxc4+ Kh8 36. Rf3 1-0

[Event "SportAccord Blitz Men 2013"]
[Site "Beijing CHN"]
[Date "2013.12.16"]
[Round "24.7"]
[White "Giri, Anish"]
[Black "Karjakin, Sergey"]
[Result "1-0"]
[WhiteTitle "GM"]
[BlackTitle "GM"]
[WhiteElo "2734"]
[BlackElo "2756"]
[WhiteFideId "24116068"]
[BlackFideId "14109603"]
[EventDate "2013.12.14"]

1. d4 Nf6 2. c4 e6 3. Nf3 b6 4. g3 Ba6 5. b3 Bb4+ 6. Bd2 Be7 7. Bg2 c6 8. O-O d5
9. Qc2 Nbd7 10. a4 O-O 11. Rd1 Bd6 12. a5 Qe7 13. Nc3 dxc4 14. e4 e5 15. dxe5
Nxe5 16. Nd4 cxb3 17. Qxb3 Bc5 18. Be3 g6 19. Na4 Nfg4 20. Nxc5 bxc5 21. Nc2
Rab8 22. Qc3 Nxe3 23. Nxe3 Rb4 24. f4 Nc4 25. Ng4 f6 26. e5 fxe5 27. Bxc6 Rd8
28. Bd5+ Rxd5 29. Rxd5 Qe6 30. Rd8+ Kg7 31. Nxe5 Nxe5 32. Qxe5+ Qxe5 33. fxe5
Rb7 34. e6 Bb5 35. a6 Re7 36. Rb8 Bd3 37. Rb7 Kf6 38. Ra5 c4 39. Rc5 h5 40. Rxe7
Kxe7 41. Rc7+ Kxe6 42. Rxa7 c3 43. Rc7 Bxa6 44. Rc6+ Kd5 45. Rxa6 c2 46. Ra1 Kd4
47. Kf2 Kd3 48. h4 1-0

[Event "SportAccord Blitz Men 2013"]
[Site "Beijing CHN"]
[Date "2013.12.16"]
[Round "24.8"]
[White "Dominguez Perez, Leinier"]
[Black "Radjabov, Teimour"]
[Result "1-0"]
[WhiteTitle "GM"]
[BlackTitle "GM"]
[WhiteElo "2754"]
[BlackElo "2713"]
[WhiteFideId "3503240"]
[BlackFideId "13400924"]
[EventDate "2013.12.14"]

1. e4 c5 2. c4 Nc6 3. Nc3 g6 4. g3 Bg7 5. Bg2 d6 6. Nge2 Nf6 7. d3 a6 8. O-O O-O
9. Rb1 Rb8 10. a4 Ne8 11. Be3 Nc7 12. d4 cxd4 13. Nxd4 Ne6 14. Nde2 Nc5 15. b4
Nd7 16. f4 Nf6 17. h3 Be6 18. Nd5 Rc8 19. Nb6 Rc7 20. Nc3 Nd7 21. Ncd5 Bxd5 22.
exd5 Ncb8 23. a5 Qe8 24. Qd3 Nxb6 25. axb6 Rc8 26. c5 Qa4 27. Rfc1 dxc5 28. bxc5
Rfd8 29. Qb3 Qe8 30. c6 Rd6 31. cxb7 Rcd8 32. Rc7 Nd7 33. Rbc1 a5 34. Qb5 e6 35.
Rc8 Bf6 36. Rxd8 Bxd8 37. b8=Q 1-0

[Event "SportAccord Blitz Men 2013"]
[Site "Beijing CHN"]
[Date "2013.12.16"]
[Round "25.1"]
[White "Dominguez Perez, Leinier"]
[Black "Aronian, Levon"]
[Result "1/2-1/2"]
[WhiteTitle "GM"]
[BlackTitle "GM"]
[WhiteElo "2754"]
[BlackElo "2803"]
[WhiteFideId "3503240"]
[BlackFideId "13300474"]
[EventDate "2013.12.14"]

1. e4 e5 2. Nf3 Nc6 3. Bb5 a6 4. Ba4 Nf6 5. Nc3 b5 6. Bb3 d6 7. Ng5 d5 8. Nxd5
Bc5 9. O-O Nd4 10. c3 Nxb3 11. Qxb3 Nxd5 12. Qxd5 Qxd5 13. exd5 O-O 14. d3 Rd8
15. c4 Bf5 16. Ne4 Bd4 17. Re1 c6 18. dxc6 Rac8 19. Rb1 Rxc6 20. b3 Bb6 21. Bb2
Rxd3 22. Bxe5 f6 23. c5 Ba5 24. b4 fxe5 25. bxa5 Bxe4 26. Rxe4 Rxc5 27. h3 Ra3
28. Rb2 Rxa5 29. Rd2 h5 30. g4 hxg4 31. Rxg4 Rc7 32. Rd8+ Kf7 33. Rd2 Ra3 34.
Kg2 Rac3 35. Rd6 R3c6 36. Rd5 Re6 37. a4 bxa4 38. Rxa4 e4 39. Rda5 Rcc6 40. Rf5+
Kg6 41. Rfa5 Kh6 42. Kf1 Rb6 43. Ke2 Rb2+ 44. Ke3 Rb3+ 45. Ke2 Rbb6 46. Ke3 g5
47. Ra3 Kh5 48. R5a4 Kh4 49. Rxe4+ Kxh3 50. Kd4+ Kh2 51. Rxe6 Rxe6 52. Ra5 g4
53. Rg5 Kh3 54. Kd3 Rf6 55. Ke2 Kh4 56. Rg8 Rf3 57. Rh8+ Kg5 58. Rg8+ Kf4 59.
Rf8+ Ke4 60. Rg8 Rf4 61. Rg6 a5 62. Ra6 Rf5 63. Re6+ Re5 64. Ra6 Rb5 65. Re6+
Kf4 66. Ra6 Rb2+ 67. Kf1 Ra2 68. Ra8 a4 69. Kg2 a3 70. Ra4+ Kf5 71. Kg3 Ra1 72.
Ra5+ Ke4 73. Kxg4 Kd3 74. f4 a2 75. Kf5 Kc3 76. Ra8 Kb2 77. Rb8+ 1/2-1/2

[Event "SportAccord Blitz Men 2013"]
[Site "Beijing CHN"]
[Date "2013.12.16"]
[Round "25.2"]
[White "Radjabov, Teimour"]
[Black "Giri, Anish"]
[Result "1/2-1/2"]
[WhiteTitle "GM"]
[BlackTitle "GM"]
[WhiteElo "2713"]
[BlackElo "2734"]
[WhiteFideId "13400924"]
[BlackFideId "24116068"]
[EventDate "2013.12.14"]

1. d4 Nf6 2. Nf3 g6 3. Bg5 Bg7 4. Nbd2 d5 5. e3 O-O 6. c3 Nbd7 7. Bd3 Re8 8. O-O
e5 9. dxe5 Nxe5 10. Nxe5 Rxe5 11. Bf4 Re8 12. h3 c5 13. Nf3 b6 14. Qc2 Bb7 15.
Bb5 Rf8 16. Rfd1 a6 17. Bf1 b5 18. a4 Qb6 19. axb5 axb5 20. Qb3 c4 21. Qb4 Bc6
22. b3 Rfc8 23. Nd4 Be8 24. Rxa8 Rxa8 25. bxc4 dxc4 26. Qb2 Qa5 27. Be5 Ne4 28.
Bxg7 Kxg7 29. Rc1 Qa2 30. Qxa2 Rxa2 31. Ne2 Nd2 32. Nd4 Nb3 33. Rb1 Nxd4 34.
cxd4 c3 35. Bd3 b4 36. Rxb4 c2 37. Bxc2 Rxc2 38. f3 f5 39. h4 Rd2 40. Rb7+ Bf7
41. Kf1 h6 42. Ra7 g5 43. hxg5 hxg5 44. Re7 Kf6 45. Re5 Bc4+ 46. Kg1 Re2 47. Rc5
Be6 48. Re5 Rd2 49. Kh2 Bf7 50. Kg1 Bg6 51. Kh2 f4 52. exf4 gxf4 53. Rd5 Bf7 54.
Rc5 Rxd4 55. Rc2 Bg6 56. Rb2 Rd8 57. g3 Rd4 58. Kh3 Bf5+ 59. Kg2 Kg5 60. gxf4+
Kxf4 61. Kf2 Be6 62. Re2 Bd5 63. Re3 Rd2+ 64. Re2 Rd3 65. Ke1 Rc3 66. Kd2 Ra3
67. Re7 Rb3 68. Kc2 Ra3 69. Kb2 Ra4 70. Kc3 Kf5 71. Rd7 Be6 72. Rd4 Ra8 73. Kd3
Ra3+ 74. Ke2 Ke5 75. Re4+ Kd5 76. Kf2 Bf5 77. Re3 Ra4 78. Kg3 Be6 79. Re4 Ra8
80. Kf4 Rf8+ 81. Ke3 Kd6 82. Rd4+ Bd5 83. Rf4 Re8+ 84. Kd4 Ra8 85. Ke3 Ke5 86.
Rd4 Ra3+ 87. Rd3 Ra5 88. Rc3 Be6 89. Rd3 Rc5 90. Ra3 Bf5 91. Rb3 Bg6 92. Ra3 Bc2
93. Ra8 Bb3 94. Re8+ Be6 95. Rd8 Bf7 96. Rd3 Bg6 97. Ra3 Bh5 98. Rb3 Kf5 99. Ra3
Re5+ 100. Kf2 Be8 101. Re3 1/2-1/2